00683 2200253 4500001002100000005001700021008004100038020001800079035002400097082000800121090002000129100002300149245008600172250001000258260003100268300001900299500003100318650001200349850001500361980001100376985000600387986001300393999002300406YOGYA-0209000005562820090227033550.0 ind  a979-672-809-5 0010-020900000055628 a264 a264bHar TlDEP aHARUN, Martin, OFM aTahun rahmat TuhanbUlsan injil hari minggu tahun c masa khususcMartin Harun OFM aCet.1 aYogyakartabKanisiusc2001 a176 hlmc21 cm aBibliografi : hlm. 171-174 aLiturgi aYOPDBPD(M) a190704 a1 apkl-ppkp a2001-113 h CB-D.11